[Event "Novokuznetsk Goriainov Memorial op"]
[Site "Novokuznetsk"]
[Date "2007.08.21"]
[Round "8"]
[White "Epifantsev, Igor"]
[Black "Cherkasov, Alexandr"]
[Result "1-0"]
[WhiteElo "2195"]
[BlackElo "2219"]
[PlyCount "51"]
[EventDate "2007.08.14"]
[EventType "swiss"]
[EventRounds "9"]
[EventCountry "RUS"]
[SourceTitle "EXT 2009"]
[Source "ChessBase"]
[SourceDate "2008.11.26"]
[SourceVersion "1"]
[SourceVersionDate "2008.11.26"]
[SourceQuality "1"]

1. e4 c5 2. Nf3 d6 3. d4 cxd4 4. Nxd4 Nf6 5. Nc3 g6 6. Be3 Bg7 7. f3 0-0 8. Qd2 Nc6 9. 0-0-0 Bd7 10. g4 Rc8 11. Kb1 Ne5 12. h4 h5 13. gxh5 Nxh5 14. Rg1 Nc4 15. Bxc4 Rxc4 16. Rg5 Kh7 17. Rdg1 Rh8 18. Qd3 Rc5 19. Nf5 Rxc3 20. Rxh5+ Kg8 21. Rxh8+ Kxh8 22. bxc3 gxf5 23. exf5 Qa5 24. Bd4 Bxd4 25. Qxd4+ Qe5 26. Qg4 1-0

[Event "RUS-chT2"]
[Site "Novokuznetsk"]
[Date "2003.??.??"]
[Round "2"]
[White "Kharkovsky, Dmitry"]
[Black "Cherkasov, Alexandr"]
[Result "0-1"]
[WhiteElo "2104"]
[BlackElo "2233"]
[PlyCount "102"]
[EventDate "2003.??.??"]
[EventType "team"]
[EventRounds "9"]
[EventCountry "RUS"]
[SourceTitle "EXT 2005"]
[Source "ChessBase"]
[SourceDate "2004.11.15"]
[SourceVersion "1"]
[SourceVersionDate "2004.11.15"]
[SourceQuality "1"]

1. e4 c5 2. c3 Nf6 3. e5 Nd5 4. d4 cxd4 5. Nf3 e6 6. cxd4 Bb4+ 7. Bd2 0-0 8. Bc4 d6 9. 0-0 Nc6 10. Bg5 Qa5 11. a3 dxe5 12. axb4 Qxa1 13. Qb3 e4 14. Nbd2 Qxf1+ 15. Kxf1 exf3 16. Nxf3 Ncxb4 17. Bd2 a5 18. Ne5 b6 19. Qg3 f6 20. Bh6 Ra7 21. Nf3 Rff7 22. Nd2 Rfc7 23. b3 a4 24. bxa4 Rxa4 25. Ne4 Raa7 26. Nd6 Kf8 27. Nb5 gxh6 28. Nxa7 Rxa7 29. Qd6+ Kf7 30. g3 Rd7 31. Qb8 Rc7 32. Bb5 Nc6 33. Bxc6 Rxc6 34. Kg2 Rc7 35. h4 h5 36. Qa8 Kg7 37. Qa4 Bd7 38. Qd1 Be8 39. g4 b5 40. Qf3 Rc3 41. Qe4 Ne3+ 42. Kg3 Nxg4+ 43. f3 Bc6 44. Qxe6 Rxf3+ 45. Kg2 Ne3+ 46. Kg1 Bd5 47. Qd7+ Bf7 48. Qxb5 Rf1+ 49. Kh2 Rf4 50. Kh3 Nf5 51. d5 Bxd5 0-1

[Event "RUS-chT2"]
[Site "Novokuznetsk"]
[Date "2003.??.??"]
[Round "4"]
[White "Mezentsev, Igor"]
[Black "Cherkasov, Alexandr"]
[Result "1-0"]
[WhiteElo "2292"]
[BlackElo "2233"]
[PlyCount "63"]
[EventDate "2003.??.??"]
[EventType "team"]
[EventRounds "9"]
[EventCountry "RUS"]
[SourceTitle "EXT 2005"]
[Source "ChessBase"]
[SourceDate "2004.11.15"]
[SourceVersion "1"]
[SourceVersionDate "2004.11.15"]
[SourceQuality "1"]

1. e4 c5 2. Nf3 Nc6 3. Nc3 e6 4. d4 d5 5. exd5 exd5 6. dxc5 d4 7. Nb5 Bxc5 8. Bf4 Qe7+ 9. Be2 Bb6 10. 0-0 Bg4 11. h3 Bxf3 12. Bxf3 0-0-0 13. Bg4+ Rd7 14. Nd6+ Kd8 15. Re1 Qxd6 16. Bxd6 Rxd6 17. b4 d3 18. c3 f6 19. Qf3 h5 20. Bf5 Nge7 21. Rad1 d2 22. Re2 Kc7 23. Rexd2 Ne5 24. Qf4 g5 25. Qe4 Rhd8 26. Rxd6 Rxd6 27. Rxd6 Kxd6 28. c4 Bd8 29. h4 g4 30. f4 gxf3 31. gxf3 b5 32. f4 1-0

[Event "RUS-ch Schools"]
[Site "Novokuznetsk"]
[Date "2001.??.??"]
[Round "9"]
[White "Cherkasov, Alexandr"]
[Black "Isaev, Alexander"]
[Result "1-0"]
[WhiteElo "2255"]
[BlackElo "2359"]
[PlyCount "59"]
[EventDate "2001.10.??"]
[EventType "swiss"]
[EventRounds "9"]
[EventCountry "RUS"]
[SourceTitle "CBM 085 Extra"]
[Source "ChessBase"]
[SourceDate "2002.01.21"]
[SourceVersion "1"]
[SourceVersionDate "2002.01.21"]
[SourceQuality "1"]

1. d4 Nf6 2. c4 c5 3. Nf3 cxd4 4. Nxd4 e5 5. Nb5 d5 6. cxd5 Bc5 7. N5c3 0-0 8. e3 e4 9. Be2 Qe7 10. Nd2 Bf5 11. g4 Bg6 12. h4 h6 13. g5 hxg5 14. hxg5 Nh7 15. Bh5 Nxg5 16. Bxg6 fxg6 17. Qg4 Bb4 18. Rg1 Rf5 19. d6 Qe6 20. Qh4 Qe5 21. Rh1 Bxc3 22. Qh8+ Kf7 23. bxc3 Qxc3 24. Rb1 Nf3+ 25. Kd1 Rd5 26. Rxb7+ Nd7 27. Rxd7+ Ke6 28. Qh3+ Kf6 29. Rf7+ Ke5 30. Re7+ 1-0

[Event "RUS-chT 07th"]
[Site "Smolensk"]
[Date "2000.04.21"]
[Round "7"]
[White "Ivanov, Victor L"]
[Black "Cherkasov, Alexandr"]
[Result "1-0"]
[WhiteElo "2415"]
[BlackElo "2222"]
[PlyCount "61"]
[EventDate "2000.04.15"]
[EventType "team-tourn"]
[EventRounds "11"]
[EventCountry "RUS"]
[SourceTitle "EXT 2020"]
[Source "ChessBase"]
[SourceDate "2019.10.17"]
[SourceVersion "1"]
[SourceVersionDate "2019.10.17"]
[SourceQuality "1"]
[WhiteTeam "Moscow Phoenix"]
[BlackTeam "Moscow Saulin PRSFI"]
[WhiteTeamCountry "RUS"]
[BlackTeamCountry "RUS"]

1. e4 c5 2. c3 Nf6 3. e5 Nd5 4. Nf3 e6 5. d4 cxd4 6. cxd4 Nc6 7. Bc4 d6 8. Qe2 dxe5 9. dxe5 Bb4+ 10. Bd2 0-0 11. 0-0 a6 12. Qe4 Bxd2 13. Nbxd2 Nce7 14. h4 h6 15. Rad1 Qe8 16. Rfe1 g6 17. h5 Kg7 18. Bb3 b5 19. Qg4 f5 20. exf6+ Nxf6 21. Qd4 Nc6 22. Qd6 Nd8 23. hxg6 Qxg6 24. Ne5 Qf5 25. Qe7+ Nf7 26. Re3 Kg8 27. Nxf7 Rxf7 28. Rg3+ Ng4 29. Qd8+ Rf8 30. Qd4 h5 31. f3 1-0

[Event "RUS-chT 07th"]
[Site "Smolensk"]
[Date "2000.04.16"]
[Round "2"]
[White "Cherkasov, Alexandr"]
[Black "Maiorov, Oleg Ivanovich"]
[Result "0-1"]
[WhiteElo "2222"]
[BlackElo "2436"]
[PlyCount "78"]
[EventDate "2000.04.15"]
[EventType "team-tourn"]
[EventRounds "11"]
[EventCountry "RUS"]
[SourceTitle "EXT 2020"]
[Source "ChessBase"]
[SourceDate "2019.10.17"]
[SourceVersion "1"]
[SourceVersionDate "2019.10.17"]
[SourceQuality "1"]
[WhiteTeam "Moscow Saulin PRSFI"]
[BlackTeam "Maykop Universitet"]
[WhiteTeamCountry "RUS"]
[BlackTeamCountry "RUS"]

1. e4 e6 2. d4 d5 3. Nc3 Nf6 4. e5 Nfd7 5. f4 c5 6. Nf3 Nc6 7. Be3 cxd4 8. Nxd4 Bc5 9. Qd2 0-0 10. Nce2 a6 11. g3 Na5 12. b3 b5 13. Bg2 Bb7 14. 0-0 Rc8 15. c3 Qe7 16. Qd3 Bb6 17. Rad1 Rc7 18. Bf2 Rfc8 19. Qf3 b4 20. cxb4 Qxb4 21. Be1 Qe7 22. h4 Nc6 23. Kh2 Nxd4 24. Nxd4 Rc1 25. Bf2 R1c3 26. Qg4 f5 27. exf6 Nxf6 28. Qe2 Ne4 29. Be1 Bxd4 30. Rxd4 Rc2 31. Qg4 Rxa2 32. f5 Rcc2 33. Rg1 e5 34. Ra4 Nf6 35. Qb4 Qxb4 36. Rxb4 Bc6 37. Rb8+ Kf7 38. Bb4 Nd7 39. Rc8 d4 0-1